000
00327nam a22001337a 4500
005
20160323083046.0
008
121114s2013 nyua b 001 0 eng
020
_a
9780071795708
020
_a
0071795707
041
0
_a
eng
080
_a
004
245
1
0
_a
Network security :
_c
Eric Maiwald.
942
_2
udc
_c
BK
999
_c
694
_d
694